Ο αρχιτέκτων Κυριάκος Κρόκος : Ελλάδα : VI Διεθνής Έκθεση Αρχιτεκτονικής = L' architetto Kyriakos Krokos : VI Mostra Internazionale di Architettura = The architect Kyriakos Krokos : VI International Exhibition of Architecture
Αποθηκεύτηκε σε:
| Κύριος συγγραφέας: | |
|---|---|
| Συγγραφή απο Οργανισμό/Αρχή: | |
| Άλλοι συγγραφείς: | |
| Μορφή: | Πρακτικό Συνεδρίου Βιβλίο |
| Γλώσσα: | Greek Italian English |
| Δημοσίευση: |
[Αθήνα] :
Υπουργείο Πολιτισμού,
c1996.
|
| Θέματα: | |
| Ετικέτες: |
Προσθήκη ετικέτας
Δεν υπάρχουν, Καταχωρήστε ετικέτα πρώτοι!
|
MARC
| LEADER | 00000cam a2200000 a 4500 | ||
|---|---|---|---|
| 001 | 1/111331 | ||
| 008 | 160711s1996####gr | ||| |||| ||gre|| | ||
| 040 | |a GR-MyUa |b gre |c GR-MyUa |e AACR2 | ||
| 041 | 0 | |a gre |a ita |a eng | |
| 082 | 7 | |a 720.92 |2 (23) | |
| 100 | 1 | |a Κρόκος, Κυριάκος, |d 1941-1998. | |
| 245 | 1 | 2 | |a Ο αρχιτέκτων Κυριάκος Κρόκος : |b Ελλάδα : VI Διεθνής Έκθεση Αρχιτεκτονικής = L' architetto Kyriakos Krokos : VI Mostra Internazionale di Architettura = The architect Kyriakos Krokos : VI International Exhibition of Architecture / |c επίτροπος Αντρέας Γιακουμακάτος. |
| 246 | 1 | |i Παράλληλος τίτλος: |a L' architetto Kyriakos Krokos : VI Mostra Internazionale di Architettura | |
| 246 | 1 | |i Παράλληλος τίτλος: |a The architect Kyriakos Krokos : VI International Exhibition of Architecture | |
| 260 | |a [Αθήνα] : |b Υπουργείο Πολιτισμού, |c c1996. | ||
| 300 | |a 29 σ. : |b εικ. ; |c 28 εκ. + |e 8 φυλλάδια | ||
| 500 | |a Σε θήκη. | ||
| 500 | |a Ελληνική συμμετοχή στην 6η Διεθνή Έκθεση Αρχιτεκτονικής, Μπιεννάλε Βενετίας, 15 Σεπ - 17 Νοε 1996 "Η άισθηση του μέλλοντος : ο αρχιτέκτων ως σεισμογράφος". | ||
| 505 | 8 | |a Βυζαντινό Μουσείο, Θεσσαλονίκη, 1978-1993 -- Κατοικία Σφεντούρι, Αίγινα, 1983-1985 -- Κατοικία Βέττα, Φιλοθέη, 1989-1991 -- Ανακατασκευή κτιρίου, Ιδιωτικό Μουσείο, Αθήνα, 1990-1995 -- Κατάστημα επίπλων, Νέα Κηφισιά, 1990-1996 -- Νέο Μουσείο Ακρόπολης, Αθήνα, Διεθνής διαγωνισμός, έπαινος, 1990 -- Θέατρο, Οδός Κυκλάδων, Αθήνα, 1982-1983 -- Κατοικία Ανδρεάδη, Κασσάνδρα, Χαλκιδική, 1993-1996. | |
| 600 | 1 | 7 | |2 nlgaf |a Κρόκος, Κυριάκος, |d 1941-1998 |v Exhibitions. |
| 650 | 0 | |a Architects |z Greece. | |
| 650 | 0 | |a Architecture |z Greece |y 20th century. | |
| 700 | 1 | |a Γιακουμακάτος, Αντρέας, |d 1955- |e edt [Επιμελητής] | |
| 711 | 2 | |a International Architectural Exhibition |n (6th : |d 1996 : |c Venice, Italy) | |
| 852 | |a INST |b SYROS |e 20160711 |h 720.92 ΚΡΟ |p 005500012660 |q 005500012660 |t BK |y 0 | ||
| 852 | |a INST |b SYROS |e 20191202 |h 720.92 ΚΡΟ |p 005500013979 |q 005500013979 |t BK |y 0 | ||
| 852 | |a INST |b SYROS |e 20191202 |h 720.92 ΚΡΟ |p 005500013978 |q 005500013978 |t BK |y 0 | ||
| 852 | |a INST |b SYROS |e 20191202 |h 720.92 ΚΡΟ |p 005500013977 |q 005500013977 |t BK |y 0 | ||
| 852 | |a INST |b SYROS |e 20191202 |h 720.92 ΚΡΟ |p 005500013976 |q 005500013976 |t BK |y 0 | ||
| 852 | |a INST |b SYROS |e 20191202 |h 720.92 ΚΡΟ |p 005500013975 |q 005500013975 |t BK |y 0 | ||
| 852 | |a INST |b SYROS |e 20191202 |h 720.92 ΚΡΟ |p 005500013974 |q 005500013974 |t BK |y 0 | ||
| 852 | |a INST |b SYROS |e 20191202 |h 720.92 ΚΡΟ |p 005500013973 |q 005500013973 |t BK |y 0 | ||
| 852 | |a INST |b SYROS |e 20191202 |h 720.92 ΚΡΟ |p 005500013972 |q 005500013972 |t BK |y 0 | ||
| 970 | |a Κοντού |b Παρασκευή |z 11/07/2016 | ||